市の名前が入る駅(四国) - Statistics

General Stats
  • This quiz has been taken 31 times
  • The average score is 65 of 119
Answer Stats
Hint Hint Answer % Correct
徳島 徳島 徳島
100%
鳴門 徳島 鳴門
100%
高松 東京 | 石川 | 香川 高松
100%
丸亀 香川 丸亀
100%
坂出 香川 坂出
100%
松山 愛媛 | 福岡 松山
100%
八幡浜 愛媛 八幡浜
100%
伊予 | 西条 愛媛 伊予西条
100%
須崎 高知 須崎
100%
宿毛 高知 宿毛
100%
阿波 徳島 阿波池田
96%
善通寺 香川 善通寺
96%
観音寺 愛知 | 香川 観音寺
96%
松山 愛媛 松山市
96%
宇和島 愛媛 北宇和島
96%
新居浜 愛媛 新居浜
96%
西条 広島 | 長野 西条
96%
伊予 | 大洲 愛媛 伊予大洲
96%
高知 高知 高知
96%
阿南 徳島 阿南
93%
松山 埼玉 東松山
93%
宇和島 愛媛 宇和島
93%
安芸 高知 安芸
93%
高松 香川 高松築港
89%
今治 愛媛 今治
89%
小松島 徳島 南小松島
81%
伊予 愛媛 伊予市
81%
土佐 高知 土佐山田
78%
宿毛 高知 東宿毛
78%
大洲 愛媛 西大洲
74%
伊予 愛媛 伊予三島
74%
阿波 大阪 阿波座
67%
阿波 徳島 阿波海南
67%
高知 高知 高知駅前
67%
高松 岡山 備中高松
63%
伊予 愛媛 伊予北条
63%
土佐 高知 土佐久礼
59%
三好 愛知 三好ヶ丘
56%
安芸 広島 安芸津
56%
伊予 愛媛 伊予長浜
52%
土佐 高知 土佐一宮
52%
土佐 高知 土佐大正
52%
美馬 北海道 美馬牛
48%
松山 愛媛 松山市駅
48%
高知 高知 高知商業前
48%
土佐 高知 土佐佐賀
48%
松山 愛媛 JR松山駅前
48%
高松 鳥取 高松町
44%
伊予 愛媛 伊予吉田
44%
室戸 京都 三室戸
44%
土佐 高知 土佐北川
44%
土佐 高知 土佐長岡
44%
土佐 高知 土佐昭和
44%
阿波 徳島 阿波川島
41%
阿波 徳島 阿波橘
41%
高松 山形 羽前高松
41%
高松 香川 古高松
41%
松山 岐阜 美濃松山
41%
伊予 愛媛 伊予氷見
41%
安芸 広島 安芸中野
41%
土佐 高知 土佐上川口
41%
阿波 徳島 阿波川口
37%
高松 香川 古高松南
37%
高松 宮崎 福島高松
37%
松山 宮城 松山町
37%
伊予 愛媛 伊予小松
37%
伊予 愛媛 南伊予
37%
伊予 愛媛 伊予中山
37%
土佐 高知 土佐穴内
37%
阿波 徳島 阿波加茂
33%
阿波 徳島 阿波富田
33%
阿波 徳島 阿波福井
33%
三好 長野 三好町
33%
伊予 愛媛 伊予桜井
33%
伊予 愛媛 北伊予
33%
伊予 愛媛 伊予上灘
33%
安芸 広島 安芸阿賀
33%
土佐 高知 土佐大津
33%
土佐 高知 土佐加茂
33%
阿波 徳島 阿波川端
30%
阿波 徳島 阿波大谷
30%
阿波 徳島 阿波山川
30%
阿波 徳島 阿波赤石
30%
伊予 愛媛 伊予寒川
30%
伊予 愛媛 伊予三芳
30%
伊予 愛媛 伊予和気
30%
伊予 愛媛 伊予宮野下
30%
伊予 愛媛 伊予石城
30%
高知 高知 高知城前
30%
高知 高知 高知橋
30%
安芸 広島 安芸幸崎
30%
阿波 徳島 阿波大宮
26%
阿波 徳島 阿波半田
26%
高松 長野 島高松
26%
伊予 愛媛 伊予土居
26%
伊予 愛媛 伊予亀岡
26%
安芸 広島 安芸長束
26%
土佐 高知 土佐岩原
26%
土佐 高知 土佐入野
26%
伊予 愛媛 伊予富田
22%
伊予 愛媛 伊予横田
22%
伊予 愛媛 伊予出石
22%
伊予 愛媛 伊予大平
22%
伊予 愛媛 伊予立川
22%
安芸 広島 安芸長浜
22%
土佐 高知 土佐新荘
22%
阿波 徳島 阿波中島
19%
伊予 愛媛 伊予白滝
19%
伊予 愛媛 伊予平野
19%
安芸 広島 安芸矢口
15%
安芸 広島 安芸川尻
15%
土佐 高知 土佐白浜
11%
No matching quizzes found
Score Distribution
Percent of People with Each Score
Percentile by Number Answered
Your Score History
You have not taken this quiz